Länder, die Hawaii am nächsten liegen - Statistiken

Allgemein
  • Dieses Quiz wurde 220 mal gespielt
    215 seit der letzten Aktualisierung
  • Das Durchschnittsergebnis liegt bei 10 aus 20
Antwortstatistiken
km Land Meilen % Korrekt
3829 Mexico | Mexiko 2379
86%
4076 Canada | Kanada 2532
85%
4672 Japan 2903
83%
4481 Russia | Russland 2784
71%
3427 Marshall Islands | Marshallinseln 2129
69%
4542 Fiji | Fidschi 2822
66%
1659 Kiribati 1031
66%
4035 Samoa 2507
64%
4411 Tonga 2741
62%
3984 Tuvalu 2475
62%
6376 China 3962
61%
4337 Nauru 2695
61%
5266 Vanuatu 3272
60%
6626 Guatemala 4117
52%
5640 Papua New Guinea | Papua Neu-Guinea 3505
49%
5647 United Kingdom 3509
10%
3108 New Zealand 1931
5%
3409 France 2118
4%
5002 Solomon Islands | Salomon-Inseln 3108
3%
4352 F. S. Micronesia | F.S. Mikronesien 2705
1%
Keine übereinstimmenden Quizze gefunden
Verteilung der Resultate
Anzahl Personen mit jedem Resultat
Perzentil nach korrekt beantworteten Fragen
Ihre Resultats-Entwicklung
Sie haben dieses Quiz seit der letzten Aktualisierung nicht gespielt